000 01481nam a2200313Ia 4500
005 20220317000957.0
008 160825s2008 sp a g 000 0 spa
020 _a97884376009012
100 1 _aSábato, Ernesto
_d1911-
245 1 3 _aEl túnel
_cErnesto Sábato ; edición de Ángel Leyva
250 _a30a. edición
300 _a168 páginas
_c18 cm
490 _aLetras hispánicas
500 _aIncluye datos biográficos
520 _aEs una de las grandes novelas sudamericanas de este siglo, cuyos ecos recogieron pronto en Europa Graham Greene y Camus. El relato, montado en los recursos de la novela policial, desarrolla un personaje que revela su psicología introspectiva e impone al lector un análisis de la desesperanza. El protagonista, Juan Pablo Castel, persigue inútilmente lo inalcanzable, que no es sino el regreso a la infancia, simbolizada en la ventana de un cuadro, motivo reiterado largamente en la narración
650 1 4 _2LEMB
_aNovela argentina
_ySiglo XX
650 1 4 _2LEMB
_aLiteratura argentina
_ySiglo XX
650 1 4 _2LEMB
_aNovela policiaca
650 1 4 _2LEMB
_aMisterio en la literatura
650 1 4 _2LEMB
_aDetectives en la literatura
650 1 4 _2LEMB
_aMuerte en la literatura
942 _2loc
_cBK
264 _aMadrid
_bCátedra
_c2008
336 _atexto
_btxt
_2rdacontent
337 _asin mediación
_bn
_2rdamedia
338 _avolumen
_bnc
_2rdacarrier
040 _aCO-BoRNBP
_bspa
_erda
_cCO-BoRNBP
084 _aN SAB1
999 _c5571
_d5571